000 00796nas a2200253 4500
001 BR0303951
003 BR-BrBNA
005 20231205103939.0
007 ta
008 230509b bl.|||p| |||| 00| 00por d
040 _aBR-BrBNA
_bpor
_cBiblioteca Nacional de Agricultura
041 _a(Pt)
072 _aF06; Q70
100 1 _aSandri, D.
100 1 _aMatsura, E.E.
100 1 _aTestezlaf, R.
245 1 _aEntupimento de gotejadores usando água residuária tratada com leitos cultivados com macrófita
650 _aIRRIGAÇÃO POR GOTEJAMENTO
650 _aÁGUAS RESIDUAIS
650 _aTRATAMENTO
773 0 _tEngenharia Agrícola (Brazil)
_xISSN 0100-6916
_g(May-Aug 2003), v. 23(2) p. 257-267
_wBR0303951
909 _a202311
_bLúcia
_c55
_dLúcia Elande
942 _2AGRIS
_n0
_cANA
999 _c175586
_d175586